Loading...
| Arts - Music | 5 | 16.00 | 100% | 40% | 20% |
| Arts - Other Arts | 5 | 12.00 | 80% | 40% | 0% |
| Arts - Painting | 5 | 14.00 | 100% | 40% | 0% |
| History - American | 1 | 20.00 | 100% | 100% | 0% |
| History - American History | 7 | 20.00 | 100% | 57% | 43% |
| History - European | 5 | 22.00 | 100% | 80% | 40% |
| History - Other History | 4 | 20.00 | 100% | 100% | 0% |
| History - World | 2 | 20.00 | 100% | 100% | 0% |
| History - World History | 5 | 22.00 | 100% | 100% | 20% |
| Literature - American Lit | 3 | 13.33 | 100% | 33% | 0% |
| Literature - British Lit | 4 | 7.50 | 75% | 0% | 0% |
| Literature - European Lit | 4 | 12.50 | 100% | 25% | 0% |
| Literature - World | 1 | 20.00 | 100% | 100% | 0% |
| Literature - World Lit | 5 | 14.00 | 80% | 60% | 0% |
| Mythology | 3 | 20.00 | 100% | 67% | 33% |
| Other - Geo/CE | 2 | 25.00 | 100% | 100% | 50% |
| Other Academic | 2 | 15.00 | 50% | 100% | 0% |
| Pop Culture | 5 | 10.00 | 80% | 20% | 0% |
| Religion | 3 | 13.33 | 100% | 33% | 0% |
| Science - Biology | 3 | 16.67 | 100% | 33% | 33% |
| Science - Chemistry | 6 | 13.33 | 83% | 50% | 0% |
| Science - Engineering | 1 | 20.00 | 100% | 100% | 0% |
| Science - Other Science | 6 | 13.33 | 100% | 33% | 0% |
| Science - Physics | 6 | 11.67 | 83% | 33% | 0% |
| Thought - Philosophy | 3 | 13.33 | 100% | 0% | 33% |
| Thought - Social Science | 4 | 17.50 | 75% | 100% | 0% |